Mots turcs d’origine française - Mort subite - Statistiques

Statistiques générales
  • Ce quiz a été pris 1 221 fois
  • Le résultat moyen est 3 sur 18
Answers on the Grid
Answers color-coded by a green-red scale on the quiz's grid according to % correct below.
Abajur
Motivasyon
Jenerasyon
Klavye
Frambuaz
Randevu
Atölye
Şövalye
Küvet
Şömine
Mizansen
Şantaj
Popüler
Şarküteri
Robdöşambr
Ordinatör
Aplodisıman
Şandölye
Şosür
Puavr
Akuatik
Otorut
Travayör
Oksilier
Nuazet
Nuadıkoko
Oberjin
Kurjet
Şovsuri
Şövrıy
Şüşotman
Apöpre
Aktör
Şömiz
Redışose
Ordövr
 
Statistiques - réponses
Réponse % Correct
Frambuaz
31%
Aktör
26%
Popüler
26%
Randevu
25%
Şantaj
25%
Atölye
24%
Küvet
24%
Motivasyon
23%
Klavye
21%
Abajur
20%
Jenerasyon
19%
Şömine
17%
Şarküteri
15%
Şövalye
14%
Mizansen
11%
Robdöşambr
10%
Şömiz
8%
Ordövr
6%
Aucun quiz correspondant
Distribution des résultats
% des personnes avec chaque résultat
Percentile par nombre de réponses
Votre historique - résultats
Vous n’avez pas pris ce quiz